Quantitative techniques
Na minha lista:
| Autor principal: | |
|---|---|
| Formato: | Livro |
| Publicado em: |
London :
Thomson,
c2002.
|
| Edição: | 6th ed. |
| Assuntos: | |
| Tags: |
Adicionar Tag
Sem tags, seja o primeiro a adicionar uma tag!
|
MARC
| LEADER | 00000nam a22000007a 4500 | ||
|---|---|---|---|
| 005 | 20251002094340.0 | ||
| 020 | |a 9781844801060 |c TZS 54,221.25 | ||
| 040 | |a MCCL |b eng. |e AACR 2nd rev. ed. | ||
| 082 | |a 658.4034 LUC | ||
| 100 | |a Lucey, Terry | ||
| 245 | |a Quantitative techniques |c / Terry Lucey. | ||
| 250 | |a 6th ed. | ||
| 260 | |a London : |b Thomson, |c c2002. | ||
| 300 | |a viii, 558 p.: |b ill.; |c 24cm | ||
| 504 | |a Includes index | ||
| 546 | |a eng. | ||
| 650 | |a Business mathematics | ||
| 650 | |a Management science | ||
| 650 | |a Mathematical statistics | ||
| 650 | |a Management mathematical model | ||
| 650 | |a Decision making mathematical models | ||
| 942 | |c BK | ||
| 999 | |c 11584 |d 11584 | ||